000 00570nam a22001932 4500
001 0000007023
005 20151217152020.0
008 071108s xx 000 0 eng d
020 _a0198527845 :
_cKES 9240
040 _aKABU
_cKABU
100 1 _aSpieler, Helmuth.
_@0000158044
245 1 0 _aSemiconductor detector systems /
_c Helmuth Spieler.
260 _aOxford :
_bO. U. P.,
_c2005.
300 _axvi, 489 p.
650 0 _aSemiconductor nuclear counters.
_@0000158045
908 _a071108
950 _@1
999 _c7346
_d7346